Normal view
MARC view
- MICROSOFT OFFICE 2010.OFFICE 2010
Entry Topical Term
001 - CONTROL NUMBER
- control field: 68892
003 - CONTROL NUMBER IDENTIFIER
- control field: NUST
005 - DATE AND TIME OF LATEST TRANSACTION
- control field: 20210628204134.0
008 - FIXED-LENGTH DATA ELEMENTS
- fixed length control field: 210628|| aca||aabn | a|a d
040 ## - CATALOGING SOURCE
- Original cataloging agency: NUST
- Transcribing agency: NUST
150 ## - HEADING--TOPICAL TERM
- Topical term or geographic name entry element: MICROSOFT OFFICE 2010.OFFICE 2010
670 ## - SOURCE DATA FOUND
- Source citation: Work cat.: (NUST): Bott, Ed , Siechert, Carl 68891, Microsoft office 2010 inside out, 2011
